LEADER 03753 am 22007933u 450 001 9910372745303321 005 20231017165226.0 010 $a0-520-29870-5 024 7 $a10.1525/9780520970755 035 $a(CKB)4100000010138572 035 $a(DE-B1597)563085 035 $a(OCoLC)1198931041 035 $a(DE-B1597)9780520970755 035 $a(ScCtBLL)1b347040-b842-481f-a5e3-f7d985be0ffd 035 $a(oapen)https://directory.doabooks.org/handle/20.500.12854/29534 035 $a(EXLCZ)994100000010138572 100 $a20200210h20192019 uy| 0 101 0 $aeng 135 $aurc|#---||||| 181 $ctxt$2rdacontent 182 $cc$2rdamedia 183 $acr$2rdacarrier 200 14$aThe big gamble $ethe migration of Eritreans to Europe /$fMilena Belloni 210 $aOakland$cUniversity of California Press$d2019 210 1$aOakland, California :$cUniversity of California Press,$d[2020] 210 4$d©2020 215 $a1 online resource (x, 228 pages) $cillustrations; digital file(s) 311 $a0-520-97075-6 320 $aIncludes bibliographical references and index. 327 $tFrontmatter --$tContents --$tAcknowledgments --$tProtagonists --$tIntroduction --$t1. When Migration Becomes the Norm --$t2. Hypermobile and Immobile --$t3. An Endless Journey --$t4. Moralities of Border Crossing --$t5. Entrapped --$tConclusion --$tPostscript --$tAppendix. Backstage: Notes on Methodology and Ethics --$tNotes --$tReferences --$tIndex 330 $aWhy, every year, tens of thousands of people are willing to risk their lives in perilous voyages across Africa and the Mediterranean Sea? Why do they face such an ordeal to reach European countries where their long-term prospects are often dismal? The Big Gamble answers these questions through a multi-sited ethnography with refugees, their families back, smugglers and relatives in the diaspora. By visiting family homes in Eritrea, living with refugees in camps and urban peripheries across Ethiopia, Sudan and Italy, the author untangles everyday challenges as well as images, desires and feelings of young Eritreans pursuing their desired destination in a context of protracted crisis and long-term displacement. Throughout the book the author shows the importance of recognizing the space for choices in contemporary refugee movements. It argues that imagination, morality and emotion are crucial elements to understand the trajectories and the motivations of those who bet not only their resources but also their lives to seek asylum in Europe. 606 $aEritreans$xSocial aspects$zEurope 606 $aAfricans$xMigrations$xSocial aspects 607 $aEurope 610 $aafrica. 610 $ablurred boundaries. 610 $acamps. 610 $aemotions. 610 $aeritrea. 610 $aeritreans. 610 $aethiopia. 610 $aeuropean countries. 610 $afamilies. 610 $afamily expectations. 610 $afamily homes. 610 $aforced migration. 610 $ahardships. 610 $aitaly. 610 $amediterranean sea. 610 $arefugee populations. 610 $arefugees. 610 $arisk their lives. 610 $asmugglers. 610 $asmuggling. 610 $asudan. 610 $atransnational marriages. 610 $aurban peripheries. 610 $avisa officers. 610 $avoluntary migration. 610 $avoyages. 615 0$aEritreans$xSocial aspects 615 0$aAfricans$xMigrations$xSocial aspects. 676 $a304.840635 700 $aBelloni$b Milena$f1985-$0944479 801 2$bUkMaJRU 906 $aBOOK 912 $a9910372745303321 996 $aThe big gamble$92132032 997 $aUNINA LEADER 04020nam 22006375 450 001 996546821803316 005 20230526195205.0 010 $a3-031-34175-9 024 7 $a10.1007/978-3-031-34175-5 035 $a(MiAaPQ)EBC30552989 035 $a(Au-PeEL)EBL30552989 035 $a(OCoLC)1380759064 035 $a(DE-He213)978-3-031-34175-5 035 $a(BIP)091289194 035 $a(PPN)270613692 035 $a(EXLCZ)9926784484300041 100 $a20230526d2023 u| 0 101 0 $aeng 135 $aurcnu|||||||| 181 $ctxt$2rdacontent 182 $cc$2rdamedia 183 $acr$2rdacarrier 200 10$aAdvances in Enterprise Engineering XVI$b[electronic resource] $e12th Enterprise Engineering Working Conference, EEWC 2022, Leusden, The Netherlands, November 2?3, 2022, Revised Selected Papers /$fedited by Cristine Griffo, Sérgio Guerreiro, Maria E. Iacob 205 $a1st ed. 2023. 210 1$aCham :$cSpringer Nature Switzerland :$cImprint: Springer,$d2023. 215 $a1 online resource (147 pages) 225 1 $aLecture Notes in Business Information Processing,$x1865-1356 ;$v473 311 08$aPrint version: Griffo, Cristine Advances in Enterprise Engineering XVI Cham : Springer,c2023 9783031341748 327 $aInvited Papers from Keynote Presentations -- The business model of digital ecosystems: Why and how you should do it -- Current challenges and opportunities in enterprise architecture: Insights from 950+ LeanIX Customers -- Presented Papers -- A new action meta-model and grammar for a DEMO based low-code platform rules processing engine -- Towards a DEMO description in simplified notation script -- Towards DEMO model-based automatic generation of smart contracts -- Towards a FAIR-ready data value chain for dataspaces -- The effect of nudges, visual literacy and their interaction on enhancing the understanding of enterprise process models -- Towards a reference architecture for planning and control services. . 330 $aThis book constitutes the refereed proceedings of the 12th Enterprise Engineering Working Conference on Advances in Enterprise Engineering XVI, EEWC 2022, held in Leusden, The Netherlands, November 2?3, 2022. EEWC aims at addressing the challenges that modern and complex enterprises are facing in a rapidly changing world. The participants of the working conference share a belief that dealing with these challenges requires rigorous and scientific solutions, focusing on the design and engineering of enterprises. The goal of EEWC is to stimulate interaction between the different stakeholders, scientists as well as practitioners, interested in making Enterprise Engineering a reality. The 4 full papers and 2 short papers included in this book were carefully reviewed and selected from 13 submissions. In addition, there are 2 invited papers from keynote presentations. They were organized in topical sections as follows: Invited Papers from Keynote Presentations and Presented Papers. 410 0$aLecture Notes in Business Information Processing,$x1865-1356 ;$v473 606 $aApplication software 606 $aBusiness information services 606 $aComputer and Information Systems Applications 606 $aIT in Business 606 $aBusiness Information Systems 606 $aEnterprise Architecture 610 $aEconomics 610 $aBusiness & Economics 615 0$aApplication software. 615 0$aBusiness information services. 615 14$aComputer and Information Systems Applications. 615 24$aIT in Business. 615 24$aBusiness Information Systems. 615 24$aEnterprise Architecture. 676 $a658.4038 700 $aGriffo$b Cristine$01362837 701 $aGuerreiro$b Sérgio$01362838 701 $aIacob$b Maria E$01362839 801 0$bMiAaPQ 801 1$bMiAaPQ 801 2$bMiAaPQ 906 $aBOOK 912 $a996546821803316 996 $aAdvances in Enterprise Engineering XVI$93382362 997 $aUNISA